Merriweather Post Pavilion - Animal Collective - Statistics

General Stats
  • This quiz has been taken 11 times
  • The average score is 9 of 11
Answer Stats
Track # Answer % Correct
1 In the Flowers
100%
2 My Girls
100%
4 Summertime Clothes
100%
11 Brother Sport
89%
5 Daily Routine
89%
3 Also Frightened
78%
6 Bluish
78%
9 Lion in a Coma
78%
10 No More Runnin
78%
7 Guys Eyes
67%
8 Taste
67%
No matching quizzes found
Score Distribution
Percent of People with Each Score
Percentile by Number Answered
Your Score History
You have not taken this quiz